|
|
|
|
| LEADER |
02293nam a22003853i 4500 |
| 001 |
EBC6790691 |
| 003 |
MiAaPQ |
| 005 |
20231204023219.0 |
| 006 |
m o d | |
| 007 |
cr cnu|||||||| |
| 008 |
231204s2021 xx o ||||0 eng d |
| 020 |
|
|
|a 9780472902446
|q (electronic bk.)
|
| 020 |
|
|
|z 9780472038558
|
| 035 |
|
|
|a (MiAaPQ)EBC6790691
|
| 035 |
|
|
|a (Au-PeEL)EBL6790691
|
| 035 |
|
|
|a (OCoLC)1267414906
|
| 040 |
|
|
|a MiAaPQ
|b eng
|e rda
|e pn
|c MiAaPQ
|d MiAaPQ
|
| 050 |
|
4 |
|a ML3556
|
| 082 |
0 |
|
|a 782.4216213073
|
| 100 |
1 |
|
|a Stone, Jonathan W.
|
| 245 |
1 |
0 |
|a Listening to the Lomax Archive :
|b The Sonic Rhetorics of African American Folksong in The 1930s.
|
| 250 |
|
|
|a 1st ed.
|
| 264 |
|
1 |
|a Ann Arbor :
|b University of Michigan Press,
|c 2021.
|
| 264 |
|
4 |
|c Ã2021.
|
| 300 |
|
|
|a 1 online resource (259 pages)
|
| 336 |
|
|
|a text
|b txt
|2 rdacontent
|
| 337 |
|
|
|a computer
|b c
|2 rdamedia
|
| 338 |
|
|
|a online resource
|b cr
|2 rdacarrier
|
| 505 |
0 |
|
|a Intro -- Contents -- Acknowledgments -- For Pete's Sake: Audio Preface -- Introduction: Finding Folkness in the Rhetorical Tradition (Turn, Turn, Turn) -- Interlude I: Resimplifications -- One. Sonic Rhetorical Historiography: Reorienting Authenticity during the Interwar Period -- Two. Rhetoric, Representation, and Race in the Lomax Prison Recordings -- Interlude II: Oral History's Exigence -- Three. Inventing Jazz: Jelly Roll Morton and the Sonic Rhetorics of Hot Musical Performance -- Interlude III: Popular Front Education -- Four. Folksong on the Radio: The Sounds of Broadcast Democracy on Columbia's American School of the Air -- Conclusion: Hearing the Lomax Archive -- Appendix: List of Audio Resources -- Notes -- Works Cited -- Index.
|
| 588 |
|
|
|a Description based on publisher supplied metadata and other sources.
|
| 590 |
|
|
|a Electronic reproduction. Ann Arbor, Michigan : ProQuest Ebook Central, 2023. Available via World Wide Web. Access may be limited to ProQuest Ebook Central affiliated libraries.
|
| 655 |
|
4 |
|a Electronic books.
|
| 776 |
0 |
8 |
|i Print version:
|a Stone, Jonathan W.
|t Listening to the Lomax Archive
|d Ann Arbor : University of Michigan Press,c2021
|z 9780472038558
|
| 797 |
2 |
|
|a ProQuest (Firm)
|
| 856 |
4 |
0 |
|u https://ebookcentral.proquest.com/lib/matrademy/detail.action?docID=6790691
|z Click to View
|